000
00264nam a22001217a 4500
008
180117b xxu||||| |||| 00| 0 eng d
041
_a
eng
080
_a
94
100
_a
16
101
_a
HIS
245
_a
Schumpeter Life and Work
_c
Schneider,E
942
_2
udc
_c
BK
999
_c
40426
_d
40426